LOST Characters Connection Chain Quiz Stats

Quiz Updated Mar 27, 2013

Also try: 'Lost' Surnames
Challenge
Share
Tweet
Embed
Score 0/34 Timer 05:00
1 Play Today
Connection Character % Correct
Died by falling from a tree while in a Nigerian plane...Boone Carlyle
94.3%
Who was in a relationship with...Sayid Jarrah
93.3%
Whose sister is...Shannon Rutherford
91%
Who, in 1977, shot a kid named...Benjamin Linus
79.8%
Who received an ultrasound from...Juliet Burke
77.6%
Who takes the form of...John Locke
77.2%
Whose mother is...Danielle Rousseau
77%
Who is ageless thanks to...Jacob
75.9%
Who taught Backgammon to...Walt Lloyd
75.4%
Whose father is...Michael Dawson
75.3%
Whose 'daughter' is...Alexandra Rousseau
74.9%
Who is married to...Sun Kwon
74.5%
Who, from 1974 to 1977, lived in Dharmaville with...James 'Sawyer' Ford
74.4%
Who, in 1988, to everyone's surprise, met...Jin Kwon
74%
Who was in Santa Rosa with...Hugo 'Hurley' Reyes
72.9%
Who took inventory of the food in the hatch with...Rose Nadler
70%
Who was found alive after the sub explosion by Miles and...Richard Alpert
69.4%
Connection Character % Correct
Whose brother is...The Man in Black
68.6%
Whose first murder victim was...Ana Lucia Cortez
68.2%
Who was shot seconds before...Elizabeth 'Libby' Smith
68%
Whose chopper pilot was...Frank Lapidus
67.5%
Whose 'right-hand man' in the D.I. was...Miles Straume
67.2%
Who kept having flashes of the death of...Charlie Pace
66.9%
Whose husband is...Bernard Nadler
66.7%
Who is raised by...Kate Austen
66.5%
Who had a relationship with...Claire Littleton
66.2%
Who learned to 'count to 5' when scared from...Jack Shephard
64.4%
Who has a son named...Aaron Littleton
63.5%
Who eventually married...Desmond Hume
63%
Whose daughter is...Penelope 'Penny' Widmore
62.9%
Who had a son with...Charles Widmore
59.9%
Whose father is...Christian Shephard
56.7%
Whose knowledge of Morse Code was damaging to the credibility of...Daniel Faraday
56.3%
Whose mother is...Eloise Hawking
44.3%

You're not logged in!

Compare scores with friends on all Sporcle quizzes.
Join for Free
OR
Log In

You Might Also Like...

Show Comments

Extras

Top Quizzes Today


Score Distribution

Your Account Isn't Verified!

In order to create a playlist on Sporcle, you need to verify the email address you used during registration. Go to your Sporcle Settings to finish the process.

Report this User

Report this user for behavior that violates our Community Guidelines.

Details: